| 000 | 01428cam a22003617a 4500 | ||
|---|---|---|---|
| 001 | 17066662 | ||
| 003 | Nust- CAS-E | ||
| 005 | 20180118181402.0 | ||
| 008 | 111202s2012 enka b 001 0 eng | ||
| 010 | _a 2011944656 | ||
| 020 | _a9780857091178 | ||
| 020 | _a0857091174 | ||
| 035 | _a(OCoLC)ocn755698541 | ||
| 040 |
_aBTCTA _beng _cBTCTA _dYDXCP _dBDX _dCDX _dUIU _dBWX _dDLC |
||
| 042 | _alccopycat | ||
| 050 | 0 | 0 |
_aTP359.B46 _bA38 2011 |
| 082 | 0 | 4 |
_a662.88 _223 _bADV 2011 |
| 245 | 0 | 0 |
_aAdvances in biodiesel production : _bprocesses and technologies / _cedited by Rafael Luque and Juan A. Melero. |
| 260 |
_aOxford ; _aPhiladelphia : _bWoodhead Pub Ltd., _c2011. |
||
| 300 |
_axvi, 288 p. : _bill. ; _c25 cm. |
||
| 504 | _aIncludes bibliographic references and index. | ||
| 650 | 0 |
_aBiodiesel fuels _xResearch. |
|
| 650 | 0 | _aBiodiesel fuels industry. | |
| 700 | 1 | _aLuque, Rafael. | |
| 700 | 1 | _aMelero, Juan A. | |
| 856 | 4 | 2 |
_3Contributor biographical information _uhttp://www.loc.gov/catdir/enhancements/fy1210/2011944656-b.html |
| 856 | 4 | 2 |
_3Publisher description _uhttp://www.loc.gov/catdir/enhancements/fy1210/2011944656-d.html |
| 856 | 4 | 1 |
_3Table of contents only _uhttp://www.loc.gov/catdir/enhancements/fy1210/2011944656-t.html |
| 906 |
_a7 _bcbc _ccopycat _d2 _encip _f20 _gy-gencatlg |
||
| 942 |
_2ddc _cBK |
||
| 999 |
_c355463 _d355463 |
||